[Event "Coupe de la Federation"]
[Site "Tournefeuille"]
[Date "2002.12.15"]
[Round "2"]
[White "Xanthakis, Spyros"]
[Black "Chevauché, Alain"]
[Result "0-1"]
[WhiteElo "1499"]
[BlackElo "1700"]
[EventDate "2002.??.??"]
[PlyCount "109"]

1.e4 e5 2.Nc3 Nc6 3.Bc4 Nf6 4.d3 Be7 5.f4 exf4 6.Bxf4 d6 7.h3 Na5 8.Nf3 
Nxc4 9.dxc4 Be6 10.Qe2 Nh5 11.Bh2 Bf6 12.O-O Bxc3 13.bxc3 Nf6 14.Rad1 Qe7 
15.e5 dxe5 16.Bxe5 O-O 17.Nd4 Bxc4 18.Nf5 Bxe2 19.Nxe7+ Kh8 20.Bxf6 gxf6 
21.Rd7 Bxf1 22.Kxf1 b5 23.Rxc7 a6 24.Kf2 Kg7 25.g3 Rfd8 26.Ke3 Rd1 27.g4 
Rad8 28.h4 Re8 29.Kf4 Rf1+ 30.Kg3 Rd1 31.Nf5+ Kf8 32.Nh6 Re3+ 33.Kf2 Rde1 
34.Rc8+ Re8 35.Rc7 R1e7 36.Rc6 Ra7 37.Rxf6 Re6 38.Rxe6 fxe6 39.g5 Rc7 40.
Ng4 Rxc3 41.Ne3 Kg7 42.Ke2 Kg6 43.Kd2 Rc7 44.a3 Kh5 45.Ng2 Rc4 46.Kd3 Ra4 
47.Kd2 Rxa3 48.Nf4+ Kxh4 49.g6 hxg6 50.Nxg6+ Kg5 51.Ne5 Kf5 52.Nd3 Rxd3+ 
53.Kxd3 e5 54.Ke3 a5 55.c3 0-1

[Event "Coupe Fede 2003"]
[Site "?"]
[Date "2002.12.15"]
[Round "2"]
[White "Gossieaux, Benoit"]
[Black "Cordier, Quentin"]
[Result "1-0"]
[WhiteElo "1230"]
[BlackElo "1100"]
[EventDate "2002.12.15"]
[PlyCount "35"]
[SourceDate "2002.12.15"]

1.e4 e5 2.Bc4 Nf6 3.d3 Nc6 4.Nf3 Bc5 5.Bg5 O-O 6.O-O d6 7.h3 h6 8.Bh4 Nd4 
9.Nc3 Qe7 10.Nd5 Qd8 11.c3 Nc6 12.b4 Bb6 13.Qc1 a5 14.Nxf6+ gxf6 15.Qxh6 
Re8 16.Bxf6 Qxf6 17.Qxf6 Kf8 18.Qxf7# 1-0

[Event "Coupe de la Federation"]
[Site "Tournefeuille"]
[Date "2002.12.15"]
[Round "2"]
[White "Brochet, Thierry"]
[Black "Volcringer, Emmanuel"]
[Result "1/2-1/2"]
[WhiteElo "1620"]
[BlackElo "1499"]
[EventDate "2002.??.??"]
[PlyCount "99"]

1.e4 d5 2.exd5 Nf6 3.d4 Bg4 4.Nf3 Qxd5 5.Be2 Nc6 6.c3 O-O-O 7.Nbd2 e6 8.h3
Bh5 9.O-O g5 10.Nh2 Bxe2 11.Qxe2 h5 12.Qf3 Be7 13.Qxd5 Nxd5 14.g3 f5 15.
Nc4 f4 16.Nf3 g4 17.Nce5 Nxe5 18.Nxe5 Rhf8 19.Ng6 Rf6 20.Nxe7+ Nxe7 21.
Bxf4 gxh3 22.Rae1 Rg8 23.Re5 Rxf4 24.Rxh5 Re4 25.Re5 Rxe5 26.dxe5 Rg5 27.
Re1 Nc6 28.Kh2 Nxe5 29.Kxh3 Rh5+ 30.Kg2 Kd7 31.f3 Ke7 32.g4 Rh6 33.Kg3 Nd3
34.Re2 e5 35.Re3 Rd6 36.f4 Kf6 37.fxe5+ Nxe5 38.Re2 Rd3+ 39.Kf4 Ng6+ 40.
Ke4 Rd6 41.Rf2+ Kg5 42.Rf5+ Kxg4 43.Rd5 Re6+ 44.Kd4 c6 45.Rd8 Re2 46.Ra8 
Kf5 47.Kc4 Re5 48.b4 b5+ 49.Kb3 Ne7 50.a3 1/2-1/2

[Event "Coupe Fede 2003"]
[Site "?"]
[Date "2002.12.15"]
[Round "2"]
[White "Boukandoura, Jean"]
[Black "Langlois, Jerome"]
[Result "0-1"]
[WhiteElo "1499"]
[BlackElo "1620"]
[EventDate "2002.12.15"]
[PlyCount "70"]
[SourceDate "2002.12.15"]

1.e4 e5 2.Nf3 Nc6 3.d3 Bc5 4.Bg5 Nge7 5.c3 O-O 6.b4 Bb6 7.Na3 d6 8.Nc4 f5 
9.b5 Nb8 10.Qb3 Be6 11.Be2 Nd7 12.O-O Nc5 13.Qa3 Bxc4 14.dxc4 Nxe4 15.Qb3 
Nc5 16.Qd1 h6 17.Bh4 g5 18.Nxg5 hxg5 19.Bxg5 Ne4 20.Bh4 Nxc3 21.Qd2 Nxe2+ 
22.Qxe2 Rf7 23.Rad1 Qf8 24.Qh5 Rh7 25.Qg5+ Rg7 26.Qh6 Ng6 27.Bg3 f4 28.Bh4
Qf5 29.Kh1 Rh7 30.Qg5 Qxg5 31.Bxg5 Rh5 32.Bf6 Kf7 33.Bxe5 Nxe5 34.Rc1 Rah8
35.h3 f3 0-1

[Event "Coupe de la Federation"]
[Site "Tournefeuille"]
[Date "2002.12.15"]
[Round "1"]
[White "Volckringer, Emmanuel"]
[Black "Partinico, Jeremy"]
[Result "0-1"]
[WhiteElo "1490"]
[BlackElo "1470"]
[EventDate "2002.??.??"]
[PlyCount "90"]

1.e4 c5 2.Nc3 e6 3.Bc4 a6 4.a3 b5 5.Ba2 Bb7 6.d3 Nf6 7.Nge2 d5 8.exd5 exd5
9.O-O d4 10.Nb1 Bd6 11.Bg5 Bxh2+ 12.Kh1 Bc7 13.Nd2 Qd6 14.Ng3 h5 15.Qe2+ 
Kf8 16.Kg1 h4 17.Bxf6 gxf6 18.Rae1 Nd7 19.Nde4 Bxe4 20.Qxe4 Rb8 21.Qd5 
Qxd5 22.Bxd5 hxg3 23.Re4 gxf2+ 24.Rxf2 Bh2+ 25.Kf1 Bg3 26.Rf3 Rh1+ 27.Ke2 
Re1+ 28.Kd2 Rxe4 29.Bxe4 Bh4 30.Bc6 Bg5+ 31.Ke2 Ne5 32.Rxf6 Bxf6 33.Be4 
Re8 34.Kf2 Ng4+ 35.Kf3 Ne3 36.c3 dxc3 37.bxc3 Nd1 38.c4 Nc3 39.Bc6 Rd8 40.
Ke3 Bd4+ 41.Kd2 Nb1+ 42.Ke2 Nxa3 43.Kf3 bxc4 44.dxc4 Nxc4 45.g4 Ne5+ 0-1

[Event "Coupe de la Federation"]
[Site "Tournefeuille"]
[Date "2002.12.15"]
[Round "1"]
[White "Pinault, Ronan"]
[Black "Faure, Stephane"]
[Result "0-1"]
[WhiteElo "1550"]
[BlackElo "1410"]
[EventDate "2002.??.??"]
[PlyCount "78"]

1.Nf3 Nf6 2.d4 e6 3.Bf4 c5 4.c3 Nc6 5.Nbd2 Qb6 6.Qb3 cxd4 7.Qxb6 axb6 8.
cxd4 Nb4 9.Rc1 Nxa2 10.Ra1 Nd5 11.Be5 Ndb4 12.Rb1 Nc6 13.Bf4 Nab4 14.e3 d5
15.Bb5 Bd7 16.Bc7 Ra5 17.Bxc6 Bxc6 18.Bxb6 Rb5 19.Bc7 Nd3+ 20.Ke2 Nxb2 21.
Be5 Rb4 22.Rhc1 Bb5+ 23.Ke1 Nd3+ 24.Kd1 Nxc1 25.Rxc1 Ba4+ 26.Ke1 Bd7 27.g3
f6 28.Bc7 Be7 29.Ba5 Ra4 30.Bb6 O-O 31.Rc7 Ra1+ 32.Ke2 Bb5+ 33.Nc4 Bxc4+ 
34.Kd2 Bb4+ 35.Kc2 Ra2+ 36.Kb1 Rxf2 37.Nh4 Ba3 38.Rxb7 Bb3 39.Bc5 Rf1# 0-1

[Event "Coupe Fede 2003"]
[Site "?"]
[Date "2002.12.15"]
[Round "3"]
[White "Ponsolle, Rene"]
[Black "Baumgartner, Georges"]
[Result "0-1"]
[WhiteElo "1670"]
[BlackElo "1499"]
[EventDate "2002.12.15"]
[PlyCount "72"]
[SourceDate "2002.12.15"]

1.e4 e5 2.Nf3 Nc6 3.Bb5 d6 4.O-O Nf6 5.Nc3 Be7 6.d4 Bd7 7.d5 Nb8 8.Bxd7+ 
Nbxd7 9.h3 Nc5 10.Qe2 a5 11.a4 O-O 12.b3 Qd7 13.Nh2 c6 14.f4 cxd5 15.exd5 
Rac8 16.fxe5 dxe5 17.Bb2 Qd6 18.Rad1 Ncd7 19.Nb5 Qc5+ 20.Kh1 Qxc2 21.Qxc2 
Rxc2 22.Ba1 Ne4 23.d6 Bh4 24.Rc1 Rxc1 25.Rxc1 Ng3+ 26.Kg1 Ne2+ 27.Kf1 Nxc1
28.Bb2 Nxb3 29.Nf3 Bf6 30.Nc3 Rc8 31.Kf2 Ndc5 32.Ke3 Nd4 33.Nd5 Nf5+ 34.
Kd2 Nxd6 35.Nxf6+ gxf6 36.Ba3 Nxa4 0-1

[Event "Coupe de la Federation"]
[Site "Tournefeuille"]
[Date "2002.12.15"]
[Round "2"]
[White "BERTHALON Jeremy"]
[Black "DAMIANO Herve"]
[Result "0-1"]
[WhiteElo "1130"]
[BlackElo "1410"]
[PlyCount "52"]

1.d4 Nf6 2.Nc3 d5 3.Nf3 e6 4.Bg5 Be7 5.Bf4 a6 6.e3 O-O 7.Bd3 Nbd7 8.Be5 
Ng4 9.Bg3 c5 10.dxc5 Nxc5 11.O-O h6 12.Nd4 e5 13.Nde2 e4 14.Bxe4 Nxe4 15.
Nxd5 Nxg3 16.Nxg3 Bc5 17.b4 Ba7 18.h3 Nf6 19.c4 Be6 20.Nxf6+ Qxf6 21.c5 
Rac8 22.Ne4 Qg6 23.Nd6 Rcd8 24.Qf3 Rd7 25.Nxb7 Bd5 26.Qd1 Qxg2# 0-1

[Event "Coupe Fede 2003"]
[Site "?"]
[Date "2002.12.15"]
[Round "2"]
[White "David, Michel"]
[Black "Bildstein, Gerard"]
[Result "0-1"]
[WhiteElo "1499"]
[BlackElo "1620"]
[EventDate "2002.12.15"]
[PlyCount "94"]
[SourceDate "2002.12.15"]

1.e4 d5 2.e5 Bf5 3.d4 e6 4.Bd3 Bxd3 5.Qxd3 c5 6.b3 cxd4 7.Nf3 Nc6 8.Bb2 
Qc7 9.O-O Bc5 10.Nbd2 Nge7 11.Bxd4 Bxd4 12.Nxd4 Nxd4 13.Qxd4 O-O 14.Rac1 
Nc6 15.Qf4 Qxe5 16.Qxe5 Nxe5 17.Rfe1 Ng6 18.g3 Rac8 19.c4 d4 20.Nf3 Rcd8 
21.Ne5 Nxe5 22.Rxe5 Rfe8 23.Kf1 f6 24.Re2 e5 25.f3 f5 26.f4 e4 27.Kf2 Kf7 
28.h4 Kf6 29.c5 d3 30.Re3 Ke6 31.c6 Rc8 32.c7 Kd7 33.Ke1 Rxc7 34.Rxc7+ 
Kxc7 35.Kd2 Kc6 36.b4 Kd5 37.Rxd3+ exd3 38.Kxd3 Re1 39.Kd2 Rg1 40.Ke2 Rxg3
41.Kf2 Ra3 42.h5 Rxa2+ 43.Ke3 Rb2 44.b5 Rxb5 45.Kd3 Rc5 46.Ke3 b5 47.Kd3 
a5 0-1

[Event "Coupe Fede 2003"]
[Site "?"]
[Date "2002.12.15"]
[Round "1"]
[White "Aznar, Georges"]
[Black "Gosselin, Vincent"]
[Result "1-0"]
[WhiteElo "1440"]
[BlackElo "1499"]
[EventDate "2002.12.15"]
[PlyCount "57"]
[SourceDate "2002.12.15"]

1.d4 d5 2.Nf3 Nc6 3.e3 Bf5 4.Be2 e6 5.Nc3 Nf6 6.O-O Bd6 7.Nb5 O-O 8.Nxd6 
Qxd6 9.b3 e5 10.dxe5 Nxe5 11.Bb2 Neg4 12.h3 Nh6 13.Nd4 Be4 14.a4 c6 15.Ba3
c5 16.Nb5 Qe7 17.Nc3 Qe5 18.Nxe4 dxe4 19.Bc1 Qxa1 20.Qd6 Qc3 21.Bd2 Qxc2 
22.Bc4 Rad8 23.Rc1 Qb2 24.Qxc5 Rxd2 25.Rf1 Nh5 26.Qxh5 Qc2 27.Qc5 Kh8 28.
Qxf8+ Ng8 29.Bxf7 1-0

[Event "Coupe Fede 2003"]
[Site "?"]
[Date "2002.12.15"]
[Round "1"]
[White "Ponsolle, Rene"]
[Black "Lehman, Denis"]
[Result "1-0"]
[WhiteElo "1499"]
[BlackElo "1560"]
[EventDate "2002.12.15"]
[PlyCount "83"]
[SourceDate "2002.12.15"]

1.e4 c5 2.Nf3 Nc6 3.d4 cxd4 4.Nxd4 g6 5.c3 Bg7 6.Be3 d6 7.Qc2 Nf6 8.f3 O-O
9.g4 Ne5 10.Be2 a6 11.g5 Nfd7 12.f4 Nc6 13.Nxc6 bxc6 14.Nd2 Bb7 15.h4 h5 
16.gxh6 Bxh6 17.h5 Kg7 18.Rg1 e6 19.O-O-O e5 20.hxg6 f6 21.Rdf1 exf4 22.
Bxf4 Bxf4 23.Rxf4 Ne5 24.Nc4 Nxc4 25.Bxc4 Qb6 26.Rff1 Rh8 27.Qd3 Rh2 28.
Bb3 Rd8 29.Qg3 Rdh8 30.Qf3 Rf8 31.Rg2 Rxg2 32.Qxg2 Qe3+ 33.Kc2 Rh8 34.Kb1 
Rh3 35.Qf2 Qxe4+ 36.Bc2 Qe5 37.Re1 Qg3 38.Re7+ Kh6 39.Rh7+ Kg5 40.Qd2+ Qf4
41.Qxf4+ Kxf4 42.Rxh3 1-0

[Event "Coupe Fede 2003"]
[Site "?"]
[Date "2002.12.15"]
[Round "3"]
[White "Phalippou, Philippe"]
[Black "Condeminas, Christian"]
[Result "1-0"]
[WhiteElo "1670"]
[BlackElo "1690"]
[EventDate "2002.12.15"]
[PlyCount "87"]
[SourceDate "2002.12.15"]

1.e4 e6 2.Nf3 c5 3.c4 Nc6 4.Nc3 g6 5.d4 cxd4 6.Nxd4 Bg7 7.Be3 a6 8.Be2 
Nge7 9.O-O O-O 10.Rb1 Qc7 11.f4 d6 12.Nxc6 Nxc6 13.Na4 Re8 14.Nb6 Rb8 15.
c5 dxc5 16.Bxc5 Rd8 17.Qc1 Nd4 18.Bd1 Bf8 19.Bxd4 Qxc1 20.Rxc1 Rxd4 21.
Nxc8 b5 22.e5 Rc4 23.Rxc4 bxc4 24.Nd6 Rxb2 25.Nxc4 Bc5+ 26.Kh1 Rxa2 27.Bb3
Re2 28.g3 Bb4 29.Ra1 a5 30.Nxa5 Bxa5 31.Rxa5 Rb2 32.Ra8+ Kg7 33.Ba4 Rb7 
34.Kg2 h6 35.Bc6 Rc7 36.Ra6 Kf8 37.Kf3 Kg7 38.g4 Kf8 39.h4 Kg7 40.Ke4 Kf8 
41.f5 exf5+ 42.gxf5 Kg7 43.f6+ Kh7 44.Kd5 1-0

[Event "Coupe de la Federation"]
[Site "Tournefeuille"]
[Date "2002.12.15"]
[Round "3"]
[White "DAMIANO Herve"]
[Black "TARAVAUD Evelyne"]
[Result "1-0"]
[WhiteElo "1410"]
[BlackElo "1370"]
[PlyCount "82"]

1.d4 f5 2.c4 Nf6 3.Nc3 d6 4.g3 g6 5.Bg2 Bg7 6.Nh3 c6 7.O-O O-O 8.d5 c5 9.
Nf4 a6 10.Ne6 Bxe6 11.dxe6 Qc7 12.Nd5 Nxd5 13.cxd5 b5 14.Rb1 a5 15.b3 Na6 
16.Bb2 Qb6 17.Qd2 Rac8 18.Qg5 Qb7 19.h4 Bf6 20.Qh6 c4 21.bxc4 Rxc4 22.h5 
Rg4 23.Bf3 Rg5 24.Bxf6 exf6 25.hxg6 Rxg6 26.Qf4 Qb6 27.Qxf5 Rxg3+ 28.Kh2 
Rg5 29.Qf4 Kg7 30.e3 b4 31.Rg1 h6 32.e7 Re8 33.Rxg5+ hxg5 34.Qe4 Nc5 35.
Qf5 Rxe7 36.Bh5 Qd8 37.Qg6+ Kf8 38.Qxf6+ Kg8 39.Qxg5+ Kf8 40.Qf6+ Kg8 41.
Rg1+ Kh7 1-0

[Event "Coupe Fede 2003"]
[Site "?"]
[Date "2002.12.15"]
[Round "1"]
[White "Reignier, Richard"]
[Black "Baumgartner, Georges"]
[Result "0-1"]
[WhiteElo "1670"]
[BlackElo "1199"]
[EventDate "2002.12.15"]
[PlyCount "72"]
[SourceDate "2002.12.15"]

1.d4 Nf6 2.Nf3 g6 3.e3 Bg7 4.Bc4 d6 5.Ng5 O-O 6.O-O h6 7.Nf3 Nc6 8.Nc3 Na5
9.Bd2 Nxc4 10.Be1 Bd7 11.b3 Nb6 12.Na4 Nxa4 13.bxa4 Bxa4 14.Bc3 Ne4 15.Qd3
Nxc3 16.Qxc3 c5 17.Qc4 Qa5 18.c3 Bb5 19.Qd5 Bxf1 20.Rxf1 Qxc3 21.Qxb7 Rfe8
22.a4 Kf8 23.Qc7 Rec8 24.Qd7 cxd4 25.exd4 Rc7 26.Qb5 Qc4 27.Qa5 Rb8 28.h3 
Rbc8 29.Qd2 Qxa4 30.Re1 Rc2 31.Qf4 Qa2 32.Rd1 Rxf2 33.Rd2 Rxd2 34.Nxd2 Rc2
35.Ne4 Rxg2+ 36.Kf1 Qe2# 0-1

[Event "Coupe de la Federation"]
[Site "Tournefeuille"]
[Date "2002.12.15"]
[Round "3"]
[White "PARTINICO Jeremy"]
[Black "BROCHET Thierry"]
[Result "1-0"]
[WhiteElo "1470"]
[BlackElo "1620"]
[PlyCount "121"]

1.e4 d6 2.d4 Nf6 3.Nc3 g6 4.f4 Bg7 5.Nf3 O-O 6.Bd3 Nc6 7.e5 dxe5 8.fxe5 
Nd5 9.Nxd5 Qxd5 10.c4 Qd8 11.Be3 f6 12.exf6 exf6 13.a3 f5 14.d5 Ne5 15.
Nxe5 Bxe5 16.Qb3 Re8 17.Kd2 Qf6 18.Rab1 Bd4 19.Bf4 Bd7 20.h4 Be5 21.Bg5 
Qd6 22.Rhf1 b6 23.Qd1 Kg7 24.h5 h6 25.Be3 f4 26.Bf2 g5 27.Bg6 Re7 28.Kc2 
Qf6 29.Re1 Bf5+ 30.Bxf5 Qxf5+ 31.Qd3 Qf6 32.Bd4 Rae8 33.Bxe5 Rxe5 34.Rxe5 
Rxe5 35.Rd1 Re3 36.Qd4 Re2+ 37.Kc3 Qxd4+ 38.Rxd4 Kf6 39.d6 cxd6 40.Rxd6+ 
Re6 41.Rxe6+ Kxe6 42.Kd4 Kd6 43.b4 g4 44.Ke4 f3 45.gxf3 g3 46.Ke3 g2 47.
Kf2 g1=Q+ 48.Kxg1 Ke5 49.Kf2 Kd4 50.c5 bxc5 51.bxc5 Kxc5 52.Ke3 Kd5 53.f4 
Ke6 54.Ke4 Kf6 55.f5 a6 56.a4 Ke7 57.Ke5 a5 58.f6+ Kf8 59.Ke6 Ke8 60.Kd6 
Kf7 61.Kc5 1-0

[Event "Coupe de la Federation"]
[Site "Tournefeuille"]
[Date "2002.12.15"]
[Round "3"]
[White "FAURE Stephane"]
[Black "SYLVAIN Christophe"]
[Result "1/2-1/2"]
[WhiteElo "1410"]
[BlackElo "1530"]
[PlyCount "80"]

1.d4 Nf6 2.c4 d6 3.Nc3 Bf5 4.Nf3 Nbd7 5.Bf4 Bg4 6.e3 Bxf3 7.Qxf3 b6 8.Bd3 
e5 9.Bg5 Be7 10.d5 Nc5 11.Bc2 O-O 12.b4 e4 13.Qg3 Nd3+ 14.Bxd3 exd3 15.Bh6
Nh5 16.Qg4 Bf6 17.Rc1 Bxc3+ 18.Rxc3 Qf6 19.Bxg7 Nxg7 20.Rxd3 Qa1+ 21.Rd1 
Qc3+ 22.Ke2 Qxb4 23.h4 h6 24.Rh3 Qb2+ 25.Rd2 Qf6 26.Rd4 h5 27.Qd7 Qd8 28.
Qc6 Nf5 29.Rf4 Ne7 30.Rg3+ Ng6 31.Rg5 f6 32.Rxg6+ Kh7 33.Rgxf6 Rxf6 34.
Rxf6 Qxf6 35.Qxa8 Qb2+ 36.Kf3 Qf6+ 37.Kg3 Qg6+ 38.Kh2 Qg4 39.g3 Qf3 40.
Qxa7 Qxf2+ 1/2-1/2

[Event "Coupe de la Federation"]
[Site "Tournefeuille"]
[Date "2002.12.15"]
[Round "2"]
[White "CAMILLIERI Herve"]
[Black "EGEA Claude"]
[Result "1-0"]
[WhiteElo "1680"]
[BlackElo "1630"]
[PlyCount "49"]

1.e4 e5 2.Nf3 d5 3.exd5 Bd6 4.Nc3 f5 5.Nxe5 Bxe5 6.Bb5+ Nd7 7.d4 Bf6 8.O-O
Ne7 9.Qh5+ g6 10.Qh6 Kf7 11.Re1 Nb6 12.Bf4 Nbxd5 13.Be5 c6 14.Bc4 Be6 15.
Bxf6 Kxf6 16.Re5 Ng8 17.Qh4+ Kf7 18.Qg3 Qf6 19.Rae1 Re8 20.Nxd5 cxd5 21.
Bxd5 Bxd5 22.Rxe8 Be6 23.R1xe6 Qxe6 24.Rxe6 Kxe6 25.Qe5+ 1-0

[Event "Coupe Fede 2003"]
[Site "?"]
[Date "2002.12.15"]
[Round "3"]
[White "Cordier, Quentin"]
[Black "Chemiere, Valentin"]
[Result "1-0"]
[WhiteElo "1100"]
[BlackElo "1199"]
[EventDate "2002.12.15"]
[PlyCount "69"]
[SourceDate "2002.12.15"]

1.e4 d5 2.Nc3 Nf6 3.d3 d4 4.Nce2 Nc6 5.Bf4 e5 6.Bg3 Bb4+ 7.c3 dxc3 8.bxc3 
Ba5 9.Nf3 Be6 10.Nxe5 Nxe5 11.Bxe5 O-O 12.g3 h6 13.Bg2 Bg4 14.O-O Qe8 15.
Bf4 g5 16.Be3 Bxe2 17.Qxe2 Bxc3 18.Rac1 Qc6 19.e5 Nd5 20.Qh5 Qg6 21.Qxg6+ 
fxg6 22.Bxd5+ Kg7 23.Rxc3 Rfc8 24.Bxb7 a5 25.Bxa8 Rxa8 26.Rxc7+ Kf8 27.e6 
Re8 28.Bc5+ Kg8 29.Re1 Rb8 30.Re5 Rb1+ 31.Kg2 Rb5 32.Rd5 Rb8 33.e7 a4 34.
Rd8+ Rxd8 35.exd8=Q# 1-0

[Event "Coupe Fede 2003"]
[Site "?"]
[Date "2002.12.15"]
[Round "2"]
[White "Chemiere, Valentin"]
[Black "Audouard, Dany"]
[Result "0-1"]
[WhiteElo "1199"]
[BlackElo "1199"]
[EventDate "2002.12.15"]
[PlyCount "48"]
[SourceDate "2002.12.15"]

1.d4 d5 2.Nf3 Nc6 3.Bf4 Bf5 4.g3 Nb4 5.c3 Nc2+ 6.Kd2 Nxa1 7.Na3 e6 8.Qxa1 
Nf6 9.Nb5 Bd6 10.Ne5 Ne4+ 11.Ke3 a6 12.Nxd6+ cxd6 13.Nd3 O-O 14.f3 Nf6 15.
Rg1 Bxd3 16.exd3 Re8 17.Bg5 e5 18.Kd2 exd4 19.cxd4 h6 20.Bxf6 Qxf6 21.Kc3 
Rac8+ 22.Kd2 Qxd4 23.Qb1 Qe3+ 24.Kd1 Qe1# 0-1

[Event "Coupe Fede 2003"]
[Site "?"]
[Date "2002.12.15"]
[Round "1"]
[White "Laragnon, Florian"]
[Black "Cordier, Michel"]
[Result "0-1"]
[WhiteElo "1199"]
[BlackElo "1360"]
[EventDate "2002.12.15"]
[PlyCount "38"]
[SourceDate "2002.12.15"]

1.d4 Nf6 2.Nc3 b6 3.Nf3 Bb7 4.Bf4 e6 5.Qd2 Bb4 6.O-O-O Ne4 7.Qe3 Nxc3 8.
bxc3 Be7 9.g3 d6 10.Rg1 Nd7 11.Qd2 Nf6 12.Ng5 Ne4 13.Nxe4 Bxe4 14.Bg2 d5 
15.c4 Qd7 16.f3 Bg6 17.g4 dxc4 18.e4 Ba3+ 19.Kb1 Qb5+ 0-1

[Event "Coupe Fede 2003"]
[Site "?"]
[Date "2002.12.15"]
[Round "1"]
[White "David, Michel"]
[Black "Dintrans, Francois"]
[Result "1-0"]
[WhiteElo "1499"]
[BlackElo "1499"]
[EventDate "2002.12.15"]
[PlyCount "61"]
[SourceDate "2002.12.15"]

1.e4 e5 2.Nf3 d6 3.h3 Nf6 4.Nc3 Nc6 5.Bb5 a6 6.Bxc6+ bxc6 7.d4 Rb8 8.dxe5 
dxe5 9.Nxe5 Qd6 10.Qxd6 Bxd6 11.f4 Bc5 12.b3 a5 13.Nxc6 Rb6 14.Nxa5 Ba6 
15.a3 O-O 16.Bd2 Nxe4 17.O-O-O Bxa3+ 18.Kb1 Nc5 19.Be3 Bb4 20.Nd5 Re8 21.
Nxb6 cxb6 22.Bxc5 bxc5 23.Nc6 Bc3 24.Rd8 Rxd8 25.Nxd8 g6 26.Nc6 Bb7 27.
Ne7+ Kf8 28.Nxg6+ Kg7 29.Nh4 Bf6 30.Nf5+ Kg6 31.Nd6 1-0

[Event "Coupe Fede 2003"]
[Site "?"]
[Date "2002.12.15"]
[Round "1"]
[White "Susini, Yannick"]
[Black "Gossieaux, Benoit"]
[Result "1/2-1/2"]
[WhiteElo "1199"]
[BlackElo "1230"]
[EventDate "2002.12.15"]
[PlyCount "94"]
[SourceDate "2002.12.15"]

1.e4 e6 2.Bb5 c6 3.Ba4 Qa5 4.c3 Nf6 5.d3 b5 6.Bb3 Ba6 7.Bg5 Be7 8.Nf3 b4 
9.e5 bxc3 10.Nxc3 Nd5 11.O-O Nxc3 12.Qd2 Bb4 13.a3 Ne4 14.Qe2 Nxg5 15.axb4
Nxf3+ 16.Qxf3 Qxe5 17.Ra5 Qxb2 18.Bc4 Bxc4 19.dxc4 Qxb4 20.Rg5 O-O 21.Qe3 
Qxc4 22.Qa3 Qh4 23.Rg3 d5 24.Qb2 Qh6 25.Qb7 Na6 26.Qxa6 c5 27.Rb1 Rab8 28.
Rgb3 Rxb3 29.Rxb3 Qc1+ 30.Qf1 Qxf1+ 31.Kxf1 c4 32.Rb5 Ra8 33.Ke1 g5 34.g3 
Kg7 35.Rc5 a5 36.Kd1 a4 37.Kc1 a3 38.Kb1 a2+ 39.Ka1 Ra3 40.f4 gxf4 41.gxf4
c3 42.f5 Kf6 43.fxe6 fxe6 44.h4 d4 45.h5 d3 46.h6 d2 47.Rf5+ exf5 1/2-1/2

[Event "Coupe Fede 2003"]
[Site "?"]
[Date "2002.12.15"]
[Round "2"]
[White "Dintrans, Francois"]
[Black "Aznar, Georges"]
[Result "0-1"]
[WhiteElo "1499"]
[BlackElo "1440"]
[EventDate "2002.12.15"]
[PlyCount "70"]
[SourceDate "2002.12.15"]

1.e4 e5 2.d3 Nf6 3.c4 Bb4+ 4.Bd2 Nc6 5.Nf3 O-O 6.Nxe5 Bxd2+ 7.Qxd2 Nxe5 8.
Nc3 d6 9.Be2 b6 10.O-O Bb7 11.b3 c5 12.Nb5 a6 13.d4 cxd4 14.Nxd4 Nxe4 15.
Qe3 Qf6 16.Bd3 Nxd3 17.Qxd3 Qg5 18.Nf3 Qg4 19.h3 Qe6 20.Rae1 Qg6 21.Nh4 
Nc5 22.Qg3 Qf6 23.Rd1 Ne4 24.Qg4 Nc3 25.Rd3 Rfe8 26.f3 Ne2+ 27.Kh1 Re4 28.
f4 h5 29.Qxh5 Nxf4 30.Qf5 Qxh4 31.Rxd6 Re2 32.Qxf4 Qxh3+ 33.Qh2 Bxg2+ 34.
Kg1 Qe3+ 35.Rf2 Qxf2# 0-1

[Event "Coupe de la Federation"]
[Site "Tournefeuille"]
[Date "2002.12.15"]
[Round "3"]
[White "Egea, Claude"]
[Black "Xanthakis, Spyros"]
[Result "1-0"]
[WhiteElo "1630"]
[BlackElo "1499"]
[EventDate "2002.??.??"]
[PlyCount "100"]

1.d4 f5 2.e4 fxe4 3.Nc3 Nf6 4.Bg5 d5 5.Bxf6 exf6 6.Qh5+ g6 7.Qxd5 Qxd5 8.
Nxd5 Kd8 9.Nxf6 Bg7 10.Nxe4 Re8 11.f3 Bf5 12.Bd3 Bxd4 13.O-O-O Kc8 14.Bb5 
Rd8 15.Kb1 c6 16.Bd3 Na6 17.Ng5 Bxd3 18.Rxd3 Nc5 19.Rd1 Kc7 20.Ne2 Be3 21.
f4 h6 22.Rxd8 Rxd8 23.Nf3 Ne4 24.g3 Nd2+ 25.Nxd2 Rxd2 26.Nc3 Rg2 27.a3 h5 
28.Ne4 Rg1+ 29.Rxg1 Bxg1 30.h3 Kd7 31.Kc1 h4 32.g4 Be3+ 33.Kd1 Bxf4 34.
Nc5+ Kd6 35.Nxb7+ Kd5 36.Nd8 c5 37.b3 Bc7 38.Nf7 Bf4 39.c3 Ke6 40.Nd8+ Kd7
41.Nb7 Kc6 42.Na5+ Kd5 43.Ke2 Bc7 44.Nc4 g5 45.Kd3 Bg3 46.b4 cxb4 47.axb4 
Bc7 48.Nd2 Bf4 49.Nf3 Bc1 50.c4+ Kc6 1-0

[Event "Coupe Fede 2003"]
[Site "?"]
[Date "2002.12.15"]
[Round "1"]
[White "Audouard, Dany"]
[Black "Cordier, Quentin"]
[Result "1-0"]
[WhiteElo "1299"]
[BlackElo "1100"]
[EventDate "2002.12.15"]
[PlyCount "89"]
[SourceDate "2002.12.15"]

1.d4 e6 2.Bf4 d5 3.Nc3 Nf6 4.e3 Nc6 5.Nb5 a6 6.Nxc7+ Qxc7 7.Bxc7 Be7 8.Nf3
O-O 9.Ng5 Ne8 10.Bf4 Bd7 11.Bd3 g6 12.O-O Rd8 13.Rc1 Bc8 14.c4 Bd6 15.Qf3 
dxc4 16.Rxc4 Ne7 17.Be4 b5 18.Rc2 Bxf4 19.Qxf4 Nf5 20.Qb8 Ned6 21.Bf3 Bd7 
22.Qb6 Rc8 23.Rfc1 Ra8 24.Bxa8 Rxa8 25.Rc7 Rd8 26.Rxd7 Rxd7 27.Qb8+ Kg7 
28.e4 Ne7 29.Rc7 Rxc7 30.Qxc7 Ndc8 31.d5 exd5 32.exd5 Nxd5 33.Qxf7+ Kh6 
34.Qxd5 Ne7 35.Nf7+ Kg7 36.Qe6 Ng8 37.Ng5 Kh6 38.Qxg8 Kxg5 39.Qxh7 Kf6 40.
Qh4+ Kg7 41.Qe7+ Kh6 42.Qa7 Kg5 43.Qxa6 Kh6 44.Qxb5 Kg7 45.a4 1-0

[Event "Coupe Fede 2003"]
[Site "?"]
[Date "2002.12.15"]
[Round "3"]
[White "Cordier, Michel"]
[Black "Lehman, Denis"]
[Result "0-1"]
[WhiteElo "1360"]
[BlackElo "1560"]
[EventDate "2002.12.15"]
[PlyCount "70"]
[SourceDate "2002.12.15"]

1.Nf3 d5 2.c4 dxc4 3.e3 c3 4.Nxc3 Nf6 5.d4 e6 6.Bd3 Be7 7.Ne5 O-O 8.O-O 
Nc6 9.Qe2 Nxe5 10.dxe5 Nd5 11.a3 b6 12.Rd1 Qe8 13.Nxd5 exd5 14.b4 c5 15.
bxc5 bxc5 16.Bb2 Qc6 17.Rab1 Be6 18.f4 c4 19.Bc2 c3 20.Ba1 Qc8 21.h3 Bxa3 
22.Rb3 Be7 23.Rxc3 Qd7 24.g4 f6 25.f5 fxe5 26.fxe6 Qxe6 27.Rcd3 Qh6 28.Kg2
d4 29.exd4 Bh4 30.dxe5 Rf2+ 31.Qxf2 Bxf2 32.Rd8+ Rxd8 33.Rxd8+ Kf7 34.Bb3+
Ke7 35.Rd2 Qxd2 0-1

[Event "Coupe Fede 2003"]
[Site "?"]
[Date "2002.12.15"]
[Round "2"]
[White "Condeminas, Christian"]
[Black "Reignier, Frank"]
[Result "1-0"]
[WhiteElo "1690"]
[BlackElo "1499"]
[EventDate "2002.12.15"]
[PlyCount "62"]
[SourceDate "2002.12.15"]

1.e4 e5 2.Nf3 Nf6 3.d4 exd4 4.e5 Ne4 5.Bd3 Bb4+ 6.Nbd2 d5 7.O-O Nc6 8.Nxe4
dxe4 9.Bxe4 O-O 10.Qd3 g6 11.Bxc6 bxc6 12.Qxd4 Qxd4 13.Nxd4 c5 14.Nc6 Ba6 
15.Rd1 Rae8 16.c3 Re6 17.Nxb4 cxb4 18.cxb4 Rxe5 19.Bf4 Re7 20.Rac1 Rfe8 
21.Be3 Re5 22.Rxc7 g5 23.Rdd7 Rf5 24.h3 h6 25.Rxa7 Bb5 26.Rdc7 Rd8 27.Rc5 
Rd1+ 28.Kh2 Be2 29.Rxf5 Bc4 30.b5 Bxa2 31.Rxa2 Kg7 1-0

[Event "Coupe Fede 2003"]
[Site "?"]
[Date "2002.12.15"]
[Round "2"]
[White "Reignier, Richard"]
[Black "Ponsolle, Rene"]
[Result "0-1"]
[WhiteElo "1499"]
[BlackElo "1199"]
[EventDate "2002.12.15"]
[PlyCount "106"]
[SourceDate "2002.12.15"]

1.e4 e5 2.Nf3 Nc6 3.Bc4 d6 4.Ng5 Qxg5 5.O-O Qd8 6.Qf3 Nf6 7.d3 Be7 8.Nc3 
Na5 9.Bg5 Nxc4 10.dxc4 h6 11.Bh4 c6 12.Rad1 Bg4 13.Qg3 Bxd1 14.Rxd1 g5 15.
Bxg5 hxg5 16.Qxg5 Rg8 17.Qf5 Qd7 18.Qf3 Qg4 19.Qxg4 Rxg4 20.h3 Rg7 21.b4 
O-O-O 22.b5 Rdg8 23.g3 Nh5 24.Ne2 Nf4 25.Kf1 Nxe2 26.Kxe2 Kc7 27.h4 Rh8 
28.Rg1 Rxh4 29.bxc6 Kxc6 30.a4 Rxe4+ 31.Kd3 Rd4+ 32.Kc3 Rdg4 33.a5 Bf6 34.
Kb4 e4 35.c3 e3 36.Re1 exf2 37.Rf1 Rxg3 38.Rxf2 Bxc3+ 39.Ka4 Bd4 40.Rd2 
Kc5 41.a6 b6 42.Rxd4 Kxd4 43.c5 Ra3+ 44.Kxa3 dxc5 45.Ka4 Kd5 46.Kb5 Rg1 
47.Ka4 Ra1+ 48.Kb3 Ra5 49.Kb2 Kc4 50.Kc2 Ra3 51.Kb2 Rc3 52.Kb1 Kb3 53.Ka1 
Rc1# 0-1

[Event "Coupe Fede 2003"]
[Site "?"]
[Date "2002.12.15"]
[Round "3"]
[White "Laragnon, Florian"]
[Black "Reignier, Richard"]
[Result "1-0"]
[WhiteElo "1199"]
[BlackElo "1199"]
[EventDate "2002.12.15"]
[PlyCount "39"]
[SourceDate "2002.12.15"]

1.d4 d5 2.c4 dxc4 3.Nc3 e6 4.e4 Nc6 5.Nf3 Bb4 6.Bd2 Nxd4 7.Nxd4 Qxd4 8.Be3
Qxe4 9.Qa4+ Bd7 10.Qxb4 Qc6 11.Bxc4 O-O-O 12.O-O e5 13.Rad1 Qg6 14.Bd5 Bc6
15.Be4 f5 16.Rxd8+ Kxd8 17.Rd1+ Kc8 18.Nb5 Bxe4 19.Nxa7+ Kb8 20.Rd8# 1-0